[Event "Ruhrgebiet Verbandsklasse Gruppe 1 1718"]
[Site "Germany"]
[Date "2017.09.17"]
[Round "1.6"]
[White "Schwammbach, Frank"]
[Black "Schaepers, Lars"]
[Result "1/2-1/2"]
[WhiteElo "1781"]
[BlackElo "1715"]
[PlyCount "76"]
[EventDate "2017.09.17"]
[EventType "team-tourn"]
[EventRounds "9"]
[EventCountry "GER"]
[SourceTitle "EXT 2022"]
[Source "ChessBase"]
[SourceDate "2021.10.06"]
[SourceVersion "1"]
[SourceVersionDate "2021.10.06"]
[SourceQuality "1"]
[WhiteTeam "Waltrop SV"]
[BlackTeam "Drewer SG"]
[WhiteTeamCountry "GER"]
[BlackTeamCountry "GER"]

1. d4 d5 2. c4 e6 3. e3 Nf6 4. a3 c6 5. Nc3 Nbd7 6. Nf3 Bd6 7. c5 Bc7 8. b4 0-0 9. Be2 Re8 10. 0-0 e5 11. dxe5 Nxe5 12. Bb2 Bf5 13. Nh4 Qd7 14. Nxf5 Qxf5 15. Qb1 Qe6 16. h3 Rad8 17. Rd1 Ng6 18. Bf1 Qe5 19. g3 Qg5 20. Bg2 h5 21. Ne2 Ne4 22. f4 Qe7 23. Bxe4 Qxe4 24. Qxe4 dxe4 25. Kf2 Ne7 26. g4 hxg4 27. hxg4 Nd5 28. Ng3 a5 29. bxa5 Bxa5 30. Nf5 Bc3 31. Bxc3 Nxc3 32. Rxd8 Rxd8 33. Nd6 b6 34. Rc1 bxc5 35. Rxc3 Rxd6 36. Rxc5 Rd2+ 37. Kf1 Rd3 38. Kf2 Rd2+ 1/2-1/2

[Event "Ruhrgebiet Verbandsklasse Gruppe 2 1617"]
[Site "Germany"]
[Date "2016.11.27"]
[Round "4.8"]
[White "Schwammbach, Frank"]
[Black "Hirmer, Raimund"]
[Result "1/2-1/2"]
[WhiteElo "1785"]
[BlackElo "1788"]
[PlyCount "56"]
[EventDate "2016.09.04"]
[EventType "team-tourn"]
[EventRounds "9"]
[EventCountry "GER"]
[SourceTitle "EXT 2022"]
[Source "ChessBase"]
[SourceDate "2021.10.06"]
[SourceVersion "1"]
[SourceVersionDate "2021.10.06"]
[SourceQuality "1"]
[WhiteTeam "Waltrop SV"]
[BlackTeam "Bochum SV II"]
[WhiteTeamCountry "GER"]
[BlackTeamCountry "GER"]

1. d4 f5 2. c4 Nf6 3. Nc3 g6 4. e3 Bg7 5. Bd3 d6 6. Nge2 0-0 7. 0-0 e5 8. dxe5 dxe5 9. f3 Nc6 10. a3 a5 11. Bc2 Be6 12. b3 Qe8 13. Bb2 Rd8 14. Qe1 Bh6 15. Bc1 Qf7 16. h3 Qg7 17. Rb1 Kh8 18. g4 Nd7 19. Qg3 fxg4 20. hxg4 Bg5 21. Ne4 Qh6 22. Nxg5 Qxg5 23. Nc3 Nc5 24. Ne4 Nxe4 25. Bxe4 Ne7 26. Kg2 a4 27. Bd5 Bxd5 28. cxd5 Nxd5 1/2-1/2

[Event "Ruhrgebiet Verbandsklasse Gruppe 1 1415"]
[Site "Germany"]
[Date "2014.09.21"]
[Round "1.6"]
[White "Schoebel, Frank"]
[Black "Schwammbach, Frank"]
[Result "1-0"]
[WhiteElo "1900"]
[BlackElo "1825"]
[PlyCount "101"]
[EventDate "2014.09.21"]
[EventType "team-tourn"]
[EventRounds "9"]
[EventCountry "GER"]
[SourceTitle "EXT 2022"]
[Source "ChessBase"]
[SourceDate "2021.10.06"]
[SourceVersion "1"]
[SourceVersionDate "2021.10.06"]
[SourceQuality "1"]
[WhiteTeam "Recklinghausen Laeufer Ost"]
[BlackTeam "Waltrop SV"]
[WhiteTeamCountry "GER"]
[BlackTeamCountry "GER"]

1. e4 d6 2. d4 Nf6 3. Nc3 g6 4. f3 Bg7 5. Be3 0-0 6. Nge2 Nbd7 7. g4 c5 8. g5 Nh5 9. Ng3 cxd4 10. Nxh5 dxc3 11. Nxg7 cxb2 12. Rb1 Kxg7 13. h4 Qa5+ 14. Bd2 Qxa2 15. Bc3+ f6 16. Rxb2 Qa3 17. Rb3 Qc5 18. Bd4 Qc7 19. h5 Qa5+ 20. Kf2 Ne5 21. Rb5 Qc7 22. hxg6 hxg6 23. gxf6+ exf6 24. Qd2 g5 25. Be2 Bd7 26. Rb3 Rh8 27. Rxh8 Kxh8 28. f4 Rf8 29. fxe5 fxe5+ 30. Ke1 exd4 31. Qxd4+ Kh7 32. Bd3 Qa5+ 33. Kd1 Bg4+ 34. Kc1 b6 35. e5+ Bf5 36. exd6 Bxd3 37. Qxd3+ Qf5 38. Qa6 Qf1+ 39. Qxf1 Rxf1+ 40. Kd2 Rf7 41. Ke3 Rd7 42. Rd3 Kg6 43. Ke4 g4 44. Kd5 Rd8 45. Kc6 Kf5 46. Kc7 Rg8 47. d7 Kf4 48. d8Q Rxd8 49. Rxd8 g3 50. Kb7 a5 51. Kxb6 1-0